Les coniques

Na minha lista:
Detalhes bibliográficos
Autor principal: Perge, D'Apollonius de (Autor)
Formato: Livro
Idioma:francês
Publicado em: París Albert Blanchard 1963
Assuntos:
Tags: Adicionar Tag
Sem tags, seja o primeiro a adicionar uma tag!

MARC

LEADER 00000nam a2200000 a 4500
001 UCP3384
003 CL-VaPUC
008 990618e19630000FR |||||||||||||||||fre|d
082 0 4 |a 516.23  |b PER  |2 21 
100 0 |a Perge, D'Apollonius de  |e author  |9 430613 
245 1 4 |a Les coniques 
300 |a 656 p 
942 |c BK 
945 |d 19990618 00:00:00  |a crobeson 
260 |a París  |b Albert Blanchard  |c 1963 
650 7 |a GEOMETRIA DE SOLIDOS  |2 CL-VaPUC  |9 423554 
650 7 |a CONICAS  |2 CL-VaPUC  |9 426812 
650 0 |a Figuras geométricas   |9 347994 
583 |a last modification  |c 19990618 00:00:00  |k Rodrigo Vera 
999 |c 281712  |d 281710